| 000 | 00943nam a22002897a 4500 | ||
|---|---|---|---|
| 001 | 6023 | ||
| 003 | FISKH | ||
| 005 | 20250221114018.0 | ||
| 008 | 250221b cb ||||| |||| 00| 0 eng d | ||
| 020 | _a9780545107679 | ||
| 040 |
_aFISKH _beng _cFISKH _dFISKH |
||
| 050 | _aPZ7.W868 F | ||
| 082 | _a813.6 | ||
| 100 |
_aWoodson, Jacqueline _d(1963-) |
||
| 245 |
_aFeathers / _cJacqueline Woodson |
||
| 250 | _aThis edition first published in 2008 | ||
| 260 |
_aNew York : _bScholastic, _c2007 |
||
| 300 |
_a118 pages : _c20 cm |
||
| 505 | _aR | ||
| 520 | _aWhen a new, white student nicknamed "The Jesus Boy" joins her sixth grade class in the winter of 1971, Frannie's growing friendship with him makes her start to see some things in a new light. | ||
| 521 | 8 |
_a710
_bLexile |
|
| 521 | 8 |
_aR
_bRaz-Plus |
|
| 650 |
_2Disabilities _aBullying |
||
| 650 |
_2Friendship _aHistorical fiction |
||
| 942 |
_2ddc _cBK _n0 |
||
| 999 |
_c6023 _d6023 |
||